| 000 | 00791cac a22002411u 4500 | ||
|---|---|---|---|
| 090 | _c4118 | ||
| 008 | 081204t 1996xxu||||| |||| 00| 0 eng d | ||
| 010 | _a 95069999 | ||
| 020 | _a0030103096 | ||
| 020 | _a0030168929 | ||
| 082 | 0 | 0 |
_a657 _bHAN |
| 100 | _aHanson, Ernest I. | ||
| 245 | 1 | 0 |
_aFinancial accounting / _cErnest I. Hanson, James C. Hamre. |
| 250 | _a8th ed. | ||
| 260 |
_aForth Worth : _bDryden Press, _cc1996. |
||
| 300 |
_axxix, 637 p. : _bcol. ill. ; _c29 cm. |
||
| 440 | 4 | _aThe Dryden Press series in accounting | |
| 500 | _aIncludes indexes. | ||
| 650 | 0 | _aAccounting. | |
| 700 | 1 | _aHamre, James C. | |
| 942 |
_cBB _k657HAN _2ddc |
||
| 999 |
_c4118 _d4118 |
||